[Event "XXXVIII Torneo Internacional de Ajedrez"]
[Site "La Roda (Albacete) - ESPAÑA"]
[Date "2011.04.22"]
[Round "4.20"]
[White "Roche Simon, Manuel Angel"]
[Black "Suba, Mihai"]
[Result "0-1"]
[WhiteElo "2137"]
[BlackElo "2465"]
[PlyCount "102"]
[EventDate "2011.04.20"]

1. e4 c5 2. Nf3 d6 3. d4 Nf6 4. Nc3 cxd4 5. Nxd4 a6 6. h3 g6 7. Be3 Bg7 8. Bc4
O-O 9. Bb3 Nc6 10. O-O Bd7 11. Nd5 Nxe4 12. Nxc6 Bxc6 13. Re1 e6 14. Bb6 Qh4
15. Qg4 Qxg4 16. Ne7+ Kh8 17. hxg4 d5 18. c4 Bxb2 19. cxd5 exd5 20. Rab1 Bg7
21. Nxd5 Nd2 22. Rbd1 Nxb3 23. axb3 Rfe8 24. Rxe8+ Rxe8 25. g5 Be5 26. g3 Kg7
27. f4 Bxd5 28. Rxd5 Re6 29. Bc5 Bc7 30. Kf2 Bb6 31. Kf3 Bxc5 32. Rxc5 Rb6 33.
Rc3 Rb4 34. Ke3 h6 35. gxh6+ Kxh6 36. Kf3 f5 37. Kg2 b6 38. Rd3 a5 39. Kh3 g5
40. fxg5+ Kxg5 41. Kg2 Kg4 42. Kf2 b5 43. Rc3 a4 44. bxa4 bxa4 45. Ra3 Rb2+ 46.
Kg1 Rb3 47. Rxa4+ Kxg3 48. Ra5 f4 49. Ra1 f3 50. Kf1 Rb2 51. Rc1 Rh2 0-1

[Event "XXXVIII Torneo Internacional de Ajedrez"]
[Site "La Roda (Albacete) - ESPAÑA"]
[Date "2011.04.22"]
[Round "5.1"]
[White "Burmakin, Vladimir"]
[Black "Almeida Quintana, Omar"]
[Result "1/2-1/2"]
[WhiteElo "2594"]
[BlackElo "2593"]
[PlyCount "39"]
[EventDate "2011.04.20"]

1. Nf3 g6 2. c4 Bg7 3. g3 c5 4. Bg2 Nc6 5. Nc3 e5 6. a3 a5 7. O-O d6 8. Ne1 Be6
9. d3 Nge7 10. Nc2 d5 11. cxd5 Nxd5 12. Ne3 Nde7 13. Nc4 O-O 14. Bg5 f6 15. Be3
b6 16. Qa4 Qc7 17. Nb5 Qd8 18. Nc3 Qc7 19. Nb5 Qd8 20. Nc3 1/2-1/2

[Event "XXXVIII Torneo Internacional de Ajedrez"]
[Site "La Roda (Albacete) - ESPAÑA"]
[Date "2011.04.22"]
[Round "5.3"]
[White "Garza Marco, Sergio"]
[Black "Hernandez Carmenates, Holden"]
[Result "1/2-1/2"]
[WhiteElo "2434"]
[BlackElo "2564"]
[PlyCount "30"]
[EventDate "2011.04.20"]

1. d4 Nf6 2. Nf3 e6 3. e3 d5 4. Bd3 Bd6 5. b3 Nbd7 6. Bb2 Ne4 7. O-O O-O 8. c4
b6 9. Nc3 Nxc3 10. Bxc3 Bb7 11. cxd5 exd5 12. b4 Nf6 13. b5 Ne4 14. Bb2 a6 15.
a4 axb5 1/2-1/2

[Event "XXXVIII Torneo Internacional de Ajedrez"]
[Site "La Roda (Albacete) - ESPAÑA"]
[Date "2011.04.22"]
[Round "5.4"]
[White "Ibarra Jerez, Jose Carlos"]
[Black "Anton Guijarro, David"]
[Result "1-0"]
[WhiteElo "2522"]
[BlackElo "2425"]
[PlyCount "101"]
[EventDate "2011.04.20"]

1. e4 c5 2. Nf3 d6 3. d4 cxd4 4. Nxd4 Nf6 5. Nc3 a6 6. g3 e5 7. Nb3 Nbd7 8. Bg2
b5 9. O-O b4 10. Nd5 Nxd5 11. exd5 h5 12. h3 g6 13. Qe1 a5 14. f4 Bg7 15. Nd4
O-O 16. Nc6 Qb6+ 17. Be3 Qc7 18. f5 Nf6 19. fxg6 fxg6 20. c4 bxc3 21. Qxc3 Kh7
22. Rac1 Bf5 23. Qc4 Qd7 24. Kh2 Bh6 25. Bxh6 Kxh6 26. a4 Kg7 27. Rc3 Rac8 28.
Rfc1 e4 29. Qd4 Kh6 30. Nxa5 Rxc3 31. bxc3 Qf7 32. Rd1 h4 33. gxh4 Nh5 34. Nc4
Qe7 35. Rf1 Kh7 36. Nd2 Qxh4 37. Qe3 Nf6 38. Qe1 Qh6 39. Nc4 Nxd5 40. Qg3 e3
41. Bxd5 Bxh3 42. Rxf8 Be6+ 43. Kg1 Bxd5 44. Nxe3 Qxf8 45. Nxd5 Qb8 46. Qh4+
Kg8 47. Qe4 Kg7 48. Nf4 Qb2 49. Qxg6+ Kh8 50. Qf6+ Kh7 51. Qf7+ 1-0

[Event "XXXVIII Torneo Internacional de Ajedrez"]
[Site "La Roda (Albacete) - ESPAÑA"]
[Date "2011.04.22"]
[Round "5.5"]
[White "Pardo Simon, David"]
[Black "Khamrakulov, Ibragim S"]
[Result "1/2-1/2"]
[WhiteElo "2388"]
[BlackElo "2495"]
[PlyCount "78"]
[EventDate "2011.04.20"]

1. e4 c5 2. Nc3 Nc6 3. Bb5 g6 4. Bxc6 bxc6 5. d3 Bg7 6. f4 d5 7. e5 f6 8. Nf3
fxe5 9. Nxe5 Qd6 10. Qe2 Rb8 11. O-O Nh6 12. Na4 Nf5 13. c3 O-O 14. b3 g5 15.
Bd2 d4 16. Nc4 Qd5 17. fxg5 Ba6 18. Rae1 Bb5 19. Ncb2 dxc3 20. Nxc3 Qd4+ 21.
Kh1 Nh4 22. Ncd1 Qd5 23. Bc3 Qxg5 24. Nc4 Bxc4 25. dxc4 Bd4 26. Bd2 Qg6 27. Ne3
e5 28. Ng4 h5 29. Nh6+ Kg7 30. g3 Nf5 31. Nxf5+ Rxf5 32. Rxf5 Qxf5 33. Rf1 Qg4
34. Qg2 Rc8 35. b4 cxb4 36. Bxb4 e4 37. Rf4 Qd1+ 38. Rf1 Qg4 39. Rf4 Qd1+
1/2-1/2

[Event "XXXVIII Torneo Internacional de Ajedrez"]
[Site "La Roda (Albacete) - ESPAÑA"]
[Date "2011.04.22"]
[Round "5.6"]
[White "Plaskett, H James"]
[Black "Martinez Martin, David"]
[Result "0-1"]
[WhiteElo "2475"]
[BlackElo "2398"]
[PlyCount "54"]
[EventDate "2011.04.20"]

1. e4 c5 2. Nf3 d6 3. Nc3 Nc6 4. d4 cxd4 5. Nxd4 Nf6 6. Bg5 e6 7. Qd2 Be7 8.
O-O-O O-O 9. Nb3 Qb6 10. f3 Rd8 11. Be3 Qc7 12. Qf2 d5 13. exd5 Nxd5 14. Nxd5
exd5 15. Kb1 Bf5 16. g4 Bg6 17. h4 d4 18. Bc1 Nb4 19. Bd3 Bxd3 20. cxd3 a5 21.
Rhe1 a4 22. Nxd4 Bf6 23. Nb5 Qc6 24. g5 Qd5 25. Nc3 Bxc3 26. bxc3 Nxd3 27. Qe2
Qf5 0-1

[Event "XXXVIII Torneo Internacional de Ajedrez"]
[Site "La Roda (Albacete) - ESPAÑA"]
[Date "2011.04.22"]
[Round "5.7"]
[White "Cabrera, Alexis"]
[Black "Forcen Esteban, Daniel"]
[Result "0-1"]
[WhiteElo "2511"]
[BlackElo "2425"]
[PlyCount "92"]
[EventDate "2011.04.20"]

1. d4 Nf6 2. c4 c5 3. Nf3 e6 4. Nc3 cxd4 5. Nxd4 Nc6 6. a3 d5 7. cxd5 Nxd5 8.
Nxc6 bxc6 9. Qc2 Qa5 10. Bd2 Bb4 11. Rb1 Bxc3 12. bxc3 Nb6 13. c4 Qa4 14. Qxa4
Nxa4 15. Rb4 Nc5 16. g3 Na6 17. Rb2 Rb8 18. Rxb8 Nxb8 19. Bg2 Ba6 20. Be3 Bxc4
21. Bxa7 Kd7 22. Kd2 Kc7 23. Bd4 f6 24. Rc1 Bb5 25. a4 Bxa4 26. Ra1 Bb5 27.
Ra7+ Kd6 28. Rxg7 Nd7 29. Be4 Ra8 30. Bb1 c5 31. Bc3 Nb6 32. Rxh7 Nd5 33. Bb2
Bxe2 34. h4 Rb8 35. Kc1 c4 36. Ra7 c3 37. Ba3+ Ke5 38. Ra4 f5 39. Bc2 Kf6 40.
Ra5 Nb4 41. Bxb4 Rxb4 42. Ra3 Rc4 43. Ra8 Rc7 44. Rd8 Ra7 45. Bb1 Ra1 46. Rd4
Bf3 0-1

[Event "XXXVIII Torneo Internacional de Ajedrez"]
[Site "La Roda (Albacete) - ESPAÑA"]
[Date "2011.04.22"]
[Round "5.8"]
[White "Paunovic, Dragan"]
[Black "Tudela Corbalan, Carlos"]
[Result "1-0"]
[WhiteElo "2504"]
[BlackElo "2248"]
[PlyCount "65"]
[EventDate "2011.04.20"]

1. Nf3 g6 2. g3 Bg7 3. Bg2 d6 4. c4 e5 5. Nc3 Nc6 6. d3 f5 7. O-O Nf6 8. Rb1
O-O 9. Bg5 h6 10. Bxf6 Bxf6 11. Nd5 Be6 12. Nd2 Bg7 13. b4 f4 14. e3 g5 15. b5
Na5 16. exf4 gxf4 17. Re1 c6 18. bxc6 bxc6 19. Nxf4 Bf5 20. Nh5 Bxd3 21. Rc1
Bh8 22. Be4 Bxe4 23. Nxe4 Nb7 24. Qd2 Bg7 25. Rcd1 Qe7 26. Re3 Rad8 27. Rd3 Qf7
28. Nxg7 Kxg7 29. Qe3 d5 30. cxd5 cxd5 31. Nc3 d4 32. Qxe5+ Kg8 33. Ne4 1-0

[Event "XXXVIII Torneo Internacional de Ajedrez"]
[Site "La Roda (Albacete) - ESPAÑA"]
[Date "2011.04.22"]
[Round "5.9"]
[White "Castano, Henry Augusto"]
[Black "Cruz, Cristhian"]
[Result "0-1"]
[WhiteElo "2273"]
[BlackElo "2492"]
[PlyCount "76"]
[EventDate "2011.04.20"]

1. e4 e6 2. d4 d5 3. Nc3 Bb4 4. e5 Ne7 5. a3 Bxc3+ 6. bxc3 c5 7. Qg4 Kf8 8. a4
Qc7 9. Nf3 cxd4 10. Qxd4 Nbc6 11. Qc5 f6 12. exf6 gxf6 13. Qe3 e5 14. Qh6+ Kf7
15. Nh4 Nd4 16. Qh5+ Ke6 17. Kd2 Ndf5 18. Nxf5 Nxf5 19. Bd3 Ng7 20. Qh4 Kf7 21.
c4 dxc4 22. Bxc4+ Be6 23. Bd3 Rad8 24. Bb2 Bd5 25. Rhe1 Ne6 26. Re4 Bxe4 27.
Qxe4 Nf4 28. g3 Nxd3 29. cxd3 Qb6 30. Kc1 Rc8+ 31. Kb1 Qxf2 32. Qxb7+ Kg6 33.
Ra3 Rb8 34. Qe4+ Qf5 35. Qe2 Rb4 36. Ka1 Rhb8 37. Bc3 Rb1+ 38. Ka2 Qe6+ 0-1

[Event "XXXVIII Torneo Internacional de Ajedrez"]
[Site "La Roda (Albacete) - ESPAÑA"]
[Date "2011.04.22"]
[Round "5.10"]
[White "Alonso Rosell, Alvar"]
[Black "Alcaraz Ortega, Javier"]
[Result "1/2-1/2"]
[WhiteElo "2477"]
[BlackElo "2236"]
[PlyCount "188"]
[EventDate "2011.04.20"]

1. Nf3 d5 2. g3 c6 3. Bg2 Bg4 4. c4 e6 5. O-O Nf6 6. d4 Nbd7 7. Nc3 Be7 8. Qb3
Qb6 9. c5 Qc7 10. Bf4 Qc8 11. h3 Bf5 12. g4 Bg6 13. Nh4 Be4 14. f3 Bg6 15. Nxg6
hxg6 16. e4 O-O 17. e5 Ne8 18. Qc2 f5 19. Be3 b6 20. b4 a5 21. a3 Nc7 22. Rab1
axb4 23. axb4 b5 24. Qd2 Qe8 25. f4 Qf7 26. Bf3 Rfb8 27. Qg2 Kf8 28. Kf2 Ke8
29. Ke2 Kd8 30. Rg1 Ne8 31. h4 Bxh4 32. g5 Ke7 33. Rh1 Nc7 34. Rxh4 Rh8 35.
Rxh8 Rxh8 36. Kd3 Ra8 37. Qb2 Qe8 38. Ne2 Qh8 39. Rh1 Qe8 40. Nc1 Ra4 41. Bd1
Ra6 42. Nb3 Nf8 43. Na5 Ra7 44. Bd2 Kf7 45. Bc3 Qd7 46. Rh8 Ne8 47. Ke3 Ra8 48.
Be2 Rb8 49. Bd3 Qc7 50. Nb3 Ra8 51. Nd2 Qa7 52. Qc2 Qa4 53. Qxa4 Rxa4 54. Nb3
Ra6 55. Na5 Nc7 56. Rh1 Ke7 57. Nxc6+ Rxc6 58. Ra1 Nd7 59. Ra5 Kd8 60. Kd2 Kc8
61. Kc2 Nb8 62. Ra1 Ra6 63. Rh1 Nc6 64. Rh7 Kd7 65. Rxg7+ Ne7 66. Rh7 Rc6 67.
Rh8 Ra6 68. Rb8 Nc6 69. Rg8 Ne7 70. Rf8 Nc8 71. Kb3 Ne7 72. Be2 Nc8 73. Rg8 Ne7
74. Rb8 Nc6 75. Rh8 Ne7 76. Bf1 Nc6 77. Rg8 Ne7 78. Rb8 Nc6 79. Bxb5 Nxb5 80.
Rxb5 Kc7 81. Bb2 Kc8 82. Rb6 Rxb6 83. cxb6 Kb7 84. b5 Na5+ 85. Kb4 Kxb6 86. Bc3
Nc4 87. Ka4 Kb7 88. Ba5 Nb2+ 89. Kb3 Nd3 90. Bd2 Kb6 91. Kc3 Nf2 92. Kb4 Nd3+
93. Ka4 Nb2+ 94. Kb4 Nd3+ 1/2-1/2

[Event "XXXVIII Torneo Internacional de Ajedrez"]
[Site "La Roda (Albacete) - ESPAÑA"]
[Date "2011.04.22"]
[Round "5.11"]
[White "Pavon Cardenas, Jesus M"]
[Black "Larino Nieto, David"]
[Result "0-1"]
[WhiteElo "2248"]
[BlackElo "2475"]
[PlyCount "143"]
[EventDate "2011.04.20"]

1. d4 e6 2. Nf3 Nf6 3. c4 c5 4. e3 cxd4 5. exd4 d5 6. Be2 dxc4 7. Bxc4 Bb4+ 8.
Nc3 a6 9. O-O b5 10. Be2 O-O 11. a4 bxa4 12. Nxa4 Nbd7 13. Bf4 Bb7 14. Qb3 Nd5
15. Bg3 Qe7 16. Rfc1 Rfc8 17. h3 a5 18. Bb5 N7b6 19. Ne5 Nxa4 20. Bxa4 Qg5 21.
Nd3 h5 22. h4 Qg4 23. Nxb4 axb4 24. Rxc8+ Rxc8 25. Qd1 Qe4 26. f3 Qg6 27. Kh2
Ne3 28. Qd2 Nf5 29. Bf2 Bd5 30. Rc1 Rd8 31. Bc2 b3 32. Bb1 Qf6 33. Qf4 Nd6 34.
Qxf6 gxf6 35. Bd3 Rc8 36. Rc5 Ra8 37. Be1 Ra1 38. Bc3 Kg7 39. Rc7 Rc1 40. Rd7
Nc4 41. Rd8 Nb6 42. Rb8 Na4 43. Bb4 f5 44. Ba3 Rd1 45. Bb5 Rxd4 46. Bd6 f6 47.
Bf8+ Kh7 48. Be7 Kg6 49. Be8+ Kg7 50. Bf8+ Kxf8 51. Bxa4+ Kf7 52. Bxb3 Bxb3 53.
Rxb3 Rxh4+ 54. Kg3 Rd4 55. Rb8 f4+ 56. Kf2 Rd2+ 57. Kf1 e5 58. b4 f5 59. b5
Rd1+ 60. Ke2 Rg1 61. Kf2 Rb1 62. b6 e4 63. fxe4 fxe4 64. b7 Rb2+ 65. Kf1 Kg7
66. Ke1 e3 67. Kf1 h4 68. Kg1 h3 69. gxh3 f3 70. Re8 f2+ 71. Kg2 Rb1 72. Kh2
0-1

[Event "XXXVIII Torneo Internacional de Ajedrez"]
[Site "La Roda (Albacete) - ESPAÑA"]
[Date "2011.04.22"]
[Round "5.12"]
[White "Suba, Mihai"]
[Black "Picazo Lopez, Juan Antonio"]
[Result "1-0"]
[WhiteElo "2465"]
[BlackElo "2229"]
[PlyCount "77"]
[EventDate "2011.04.20"]

1. Nf3 d5 2. c4 c6 3. e3 Nf6 4. Nc3 e6 5. d4 Bd6 6. Bd3 Nbd7 7. e4 dxc4 8. Bxc4
e5 9. dxe5 Nxe5 10. Nxe5 Bxe5 11. Qxd8+ Kxd8 12. f3 Be6 13. Bxe6 fxe6 14. Bd2
Kc7 15. Rc1 Rad8 16. Be3 Kb8 17. Ke2 b6 18. Rc2 Kb7 19. g4 Rd7 20. h3 Rhd8 21.
Rd1 c5 22. Rxd7+ Rxd7 23. Nd1 Bd4 24. Nf2 Bxe3 25. Kxe3 Rd4 26. Nd3 Rd7 27. g5
Ne8 28. h4 Nd6 29. Ne5 Re7 30. f4 Nb5 31. h5 Nd4 32. Rh2 Nc6 33. Nf3 Re8 34. h6
g6 35. Rd2 Kc7 36. Nh2 b5 37. Ng4 Re7 38. Nf6 a5 39. f5 1-0

[Event "XXXVIII Torneo Internacional de Ajedrez"]
[Site "La Roda (Albacete) - ESPAÑA"]
[Date "2011.04.22"]
[Round "5.13"]
[White "Serna Lara, Sergio"]
[Black "Rojas Keim, Luis"]
[Result "0-1"]
[WhiteElo "2247"]
[BlackElo "2432"]
[PlyCount "62"]
[EventDate "2011.04.20"]

1. d4 d6 2. Nf3 Nd7 3. c4 e5 4. Nc3 g6 5. g3 Bg7 6. Bg2 Ngf6 7. O-O O-O 8. e4
exd4 9. Nxd4 Re8 10. h3 a6 11. b3 c5 12. Nde2 Ne5 13. Be3 Rb8 14. a4 Be6 15. f4
Nc6 16. Qd2 Na5 17. Rab1 b5 18. axb5 axb5 19. f5 gxf5 20. Nxb5 Nxb3 21. Rxb3
Bxc4 22. Nxd6 Bxb3 23. Nxe8 Qxe8 24. Bh6 Nxe4 25. Bxe4 Bxh6 26. Qxh6 Qxe4 27.
Qg5+ Kf8 28. Qf6 Bd5 29. Nf4 Qh1+ 30. Kf2 Qh2+ 31. Ke3 Rb3+ 0-1

[Event "XXXVIII Torneo Internacional de Ajedrez"]
[Site "La Roda (Albacete) - ESPAÑA"]
[Date "2011.04.22"]
[Round "5.14"]
[White "Jimenez Villena, Fco Jose"]
[Black "Guerra Bastida, Diego"]
[Result "1/2-1/2"]
[WhiteElo "2198"]
[BlackElo "2413"]
[PlyCount "140"]
[EventDate "2011.04.20"]

1. d4 e6 2. c4 f5 3. Nf3 Nf6 4. g3 d5 5. Bg2 c6 6. O-O Bd6 7. Qc2 O-O 8. Bg5 h6
9. Bf4 Bxf4 10. gxf4 dxc4 11. Qxc4 Nd5 12. Qc1 Bd7 13. Nc3 Qe7 14. Ne5 Be8 15.
Qd2 Bh5 16. Rac1 Kh7 17. e4 fxe4 18. Bxe4+ g6 19. Nxd5 exd5 20. Bb1 Nd7 21.
Rfe1 Nxe5 22. Rxe5 Qh4 23. Qe3 Rf7 24. Qg3 Qg4 25. h3 Qxf4 26. Qxf4 Rxf4 27.
Rxh5 Raf8 28. Re5 Rxf2 29. Re7+ R8f7 30. Rxf7+ Rxf7 31. Re1 Kg7 32. Re6 g5 33.
Rg6+ Kf8 34. Rxh6 Rf4 35. Kg2 Rxd4 36. Kf3 Rd2 37. Kg4 Rxb2 38. Bf5 Rg2+ 39.
Kh5 Ke7 40. Bg4 d4 41. Kxg5 c5 42. Kf5 d3 43. Ke5 d2 44. Rh7+ Kf8 45. Rd7 c4
46. Ke4 c3 47. Bd1 Rg1 48. Bb3 Re1+ 49. Kf3 Rb1 50. Ke2 a5 51. Rf7+ Ke8 52. Rf1
Rb2 53. Kd3 d1=Q+ 54. Rxd1 Rh2 55. Re1+ Kd7 56. Re3 b5 57. Kxc3 Kd6 58. Kd4 a4
59. Bf7 Rf2 60. Bg8 Rg2 61. Bf7 Rf2 62. Be8 Rd2+ 63. Rd3 Rxa2 64. Bxb5 a3 65.
Bc4 Ra1 66. Ke3+ Ke5 67. Kf2 Rc1 68. Bd5 a2 69. Bxa2 Rc2+ 70. Kg3 Rxa2 1/2-1/2

[Event "XXXVIII Torneo Internacional de Ajedrez"]
[Site "La Roda (Albacete) - ESPAÑA"]
[Date "2011.04.22"]
[Round "5.15"]
[White "Espinosa Aranda, Angel"]
[Black "Aziz Ortego, Omar Luis"]
[Result "1-0"]
[WhiteElo "2399"]
[BlackElo "2084"]
[PlyCount "197"]
[EventDate "2011.04.20"]

1. d4 f5 2. Nf3 Nf6 3. g3 e6 4. Bg2 d5 5. O-O Bd6 6. b3 O-O 7. c4 c6 8. Ba3 Ne4
9. Qd3 Bd7 10. Bxd6 Nxd6 11. Nbd2 Be8 12. Ne5 Nd7 13. Nxd7 Qxd7 14. c5 Nf7 15.
Nf3 Qe7 16. b4 Bd7 17. Qc3 g5 18. Ne1 Nh8 19. Nd3 Ng6 20. f4 g4 21. a4 Rfb8 22.
Rfb1 a6 23. Qd2 Qg7 24. Qe3 h5 25. Kf2 Kf7 26. Nc1 Qf6 27. Na2 h4 28. Nc3 Qh8
29. Qd3 Rg8 30. e3 h3 31. Bf1 Nh4 32. Kg1 Ng6 33. Qd1 Ne7 34. b5 axb5 35. axb5
Rxa1 36. Rxa1 Ra8 37. b6 Qb8 38. Ra4 Rxa4 39. Qxa4 Nc8 40. Nd1 Ke7 41. Nf2 Kd8
42. Nd3 Ne7 43. Ne5 Be8 44. Nd3 Nc8 45. Ne5 Ke7 46. Qa2 Kd8 47. Be2 Ke7 48. e4
dxe4 49. Bc4 Nxb6 50. cxb6 Qd6 51. Qb2 c5 52. dxc5 Qxc5+ 53. Kf1 Qd6 54. Ke2
Qc5 55. Qb3 Qd6 56. Ke3 Qc5+ 57. Kd2 Qf2+ 58. Kc3 Qe1+ 59. Kb2 Qd2+ 60. Kb1 Qa5
61. Qe3 Kf6 62. Kb2 Qb4+ 63. Bb3 Ke7 64. Qc3 Qxb6 65. Nc4 Qf2+ 66. Bc2 Qc5 67.
Qg7+ Bf7 68. Ne5 Qb4+ 69. Ka2 Qa5+ 70. Kb3 Qb5+ 71. Kc3 Qc5+ 72. Kd2 Qf2+ 73.
Kc1 Qe1+ 74. Kb2 Qb4+ 75. Bb3 Qd2+ 76. Kb1 Qe1+ 77. Kc2 Qf2+ 78. Kc3 Qc5+ 79.
Bc4 Qa5+ 80. Kc2 Qa4+ 81. Bb3 Qe8 82. Qg5+ Kf8 83. Qf6 Kg8 84. Nxf7 Qc6+ 85.
Kb2 Qc5 86. Ng5 Qf2+ 87. Kc3 Qc5+ 88. Bc4 Qe3+ 89. Kb4 Qb6+ 90. Bb5 Qd6+ 91.
Ka4 Qd1+ 92. Ka5 Qd2+ 93. Kb6 Qd6+ 94. Kxb7 Qd5+ 95. Bc6 Qb3+ 96. Kc8 e5 97.
Qg6+ Kf8 98. Nh7+ Ke7 99. Qf6# 1-0

[Event "XXXVIII Torneo Internacional de Ajedrez"]
[Site "La Roda (Albacete) - ESPAÑA"]
[Date "2011.04.22"]
[Round "5.16"]
[White "Escudero Manzano, Alejandro"]
[Black "Gallardo Garcia, Andres"]
[Result "1/2-1/2"]
[WhiteElo "2171"]
[BlackElo "2370"]
[PlyCount "42"]
[EventDate "2011.04.20"]

1. e4 e5 2. Nf3 Nc6 3. d4 exd4 4. Nxd4 Nf6 5. Nc3 Bb4 6. Nxc6 bxc6 7. Bd3 O-O
8. O-O d5 9. exd5 cxd5 10. Bg5 c6 11. Qf3 Bd6 12. Bxf6 Qxf6 13. Qxf6 gxf6 14.
Ne2 Re8 15. f4 Re3 16. Ng3 Bg4 17. b3 Rae8 18. Kh1 R8e7 19. Nf5 Bxf5 20. Bxf5
Bb4 21. Rad1 Bc3 1/2-1/2

[Event "XXXVIII Torneo Internacional de Ajedrez"]
[Site "La Roda (Albacete) - ESPAÑA"]
[Date "2011.04.22"]
[Round "5.17"]
[White "Valmana Canto, Jaime"]
[Black "Martinez Hernandez, Javier"]
[Result "1-0"]
[WhiteElo "2330"]
[BlackElo "2006"]
[PlyCount "89"]
[EventDate "2011.04.20"]

1. e4 e5 2. Bc4 Nc6 3. Nf3 Nf6 4. d3 Be7 5. Nbd2 O-O 6. O-O d6 7. c3 Bg4 8. h3
Bh5 9. Re1 Qd7 10. Bb3 Rad8 11. Nf1 Rfe8 12. Ng3 Bg6 13. Nh4 d5 14. Qf3 Na5 15.
Bc2 b6 16. Ngf5 Bf8 17. Bg5 Re6 18. b4 Nb7 19. Bb3 c5 20. exd5 Ree8 21. a3 Nd6
22. Nxg7 Bxg7 23. Bxf6 Bxf6 24. Qxf6 Bxd3 25. Rxe5 Rxe5 26. Qxe5 c4 27. Ba4 b5
28. Qg5+ Bg6 29. Bc2 Re8 30. a4 Re2 31. Bxg6 hxg6 32. axb5 Ne4 33. Qe5 Qd6 34.
Nf3 Qxe5 35. Nxe5 Nxc3 36. Nxc4 Re4 37. Nd6 Rxb4 38. Rxa7 Nxd5 39. Rb7 Nc3 40.
g3 f5 41. b6 Nd5 42. Rb8+ Kg7 43. b7 Nc7 44. Rc8 Na6 45. Ra8 1-0

[Event "XXXVIII Torneo Internacional de Ajedrez"]
[Site "La Roda (Albacete) - ESPAÑA"]
[Date "2011.04.22"]
[Round "5.18"]
[White "Nieto De La Cruz, Julio"]
[Black "Sanchez Jerez, Emilio Miguel"]
[Result "1-0"]
[WhiteElo "2123"]
[BlackElo "2298"]
[PlyCount "65"]
[EventDate "2011.04.20"]

1. d4 f5 2. c4 Nf6 3. Nf3 g6 4. g3 Bg7 5. Bg2 O-O 6. b3 c5 7. O-O Nc6 8. Bb2
Ne4 9. Nbd2 d5 10. e3 e6 11. a3 Qa5 12. b4 cxb4 13. axb4 Qb6 14. Ba3 Rd8 15. b5
Na5 16. Bb4 Nxc4 17. Nxc4 Qxb5 18. Be7 Rd7 19. Na3 Qb2 20. Bg5 Bf8 21. Qc1 Qb3
22. Bf4 b5 23. Qc6 Rb7 24. Qe8 b4 25. Rfb1 Qc3 26. Nb5 Qc2 27. Nc7 Rxc7 28.
Bxc7 Qxc7 29. Ne5 a5 30. Bxe4 dxe4 31. Rxb4 Bd7 32. Qf7+ Kh8 33. Rc4 1-0

[Event "XXXVIII Torneo Internacional de Ajedrez"]
[Site "La Roda (Albacete) - ESPAÑA"]
[Date "2011.04.22"]
[Round "5.19"]
[White "Garcia Ramos, Marcos"]
[Black "Gemy, Jose Daniel"]
[Result "0-1"]
[WhiteElo "2024"]
[BlackElo "2288"]
[PlyCount "74"]
[EventDate "2011.04.20"]

1. e4 e6 2. d4 d5 3. e5 c5 4. c3 Nc6 5. Nf3 Qc7 6. Bd3 Bd7 7. O-O cxd4 8. cxd4
Nb4 9. Nc3 Nxd3 10. Qxd3 Rc8 11. Bg5 Qc4 12. Qe3 h6 13. Bh4 g5 14. Bg3 Ne7 15.
Rfd1 Nf5 16. Qd2 Be7 17. Ne1 Qb4 18. f3 Nxd4 19. Bf2 Nb5 20. Nd3 Qa5 21. Ne2
Qxd2 22. Rxd2 Ra8 23. Rc2 a5 24. a4 Na7 25. Rc7 b6 26. Rb7 Bd8 27. Rc1 Bxa4 28.
Nd4 Bd7 29. b4 a4 30. Kf1 a3 31. Rc2 Bc8 32. Rxa7 Rxa7 33. Rxc8 a2 34. Nc2
a1=Q+ 35. Nxa1 Rxa1+ 36. Ke2 Ra2+ 37. Ke3 Kd7 0-1

[Event "XXXVIII Torneo Internacional de Ajedrez"]
[Site "La Roda (Albacete) - ESPAÑA"]
[Date "2011.04.22"]
[Round "5.20"]
[White "Korneev, Oleg"]
[Black "Valenzuela Canovas, Gabriel"]
[Result "1-0"]
[WhiteElo "2573"]
[BlackElo "1825"]
[PlyCount "81"]
[EventDate "2011.04.20"]

1. e4 e5 2. Nf3 Nc6 3. Bb5 a6 4. Ba4 Nf6 5. O-O b5 6. Bb3 d6 7. c3 Be7 8. h3
O-O 9. d4 Na5 10. Bc2 c5 11. dxe5 dxe5 12. Nxe5 Qxd1 13. Rxd1 Bb7 14. Nd2 Rad8
15. Re1 Rfe8 16. Ng4 Nxg4 17. hxg4 Bg5 18. Nb3 Nxb3 19. axb3 Bxc1 20. Raxc1 Rd2
21. Red1 Red8 22. Rxd2 Rxd2 23. Kf1 Kf8 24. Ke1 Rd7 25. Ke2 Ke7 26. g5 f6 27.
gxf6+ Kxf6 28. Rh1 h6 29. Rh5 Re7 30. Ke3 Re5 31. Rxe5 Kxe5 32. f4+ Kf6 33. e5+
Ke6 34. Be4 Bc8 35. g4 Ke7 36. f5 a5 37. b4 cxb4 38. cxb4 axb4 39. Kd4 Bd7 40.
Kc5 Be8 41. Bc6 1-0

[Event "XXXVIII Torneo Internacional de Ajedrez"]
[Site "La Roda (Albacete) - ESPAÑA"]
[Date "2011.04.23"]
[Round "6.1"]
[White "Forcen Esteban, Daniel"]
[Black "Burmakin, Vladimir"]
[Result "1-0"]
[WhiteElo "2425"]
[BlackElo "2594"]
[PlyCount "85"]
[EventDate "2011.04.20"]

1. e4 b6 2. d4 Bb7 3. Nd2 g6 4. Ngf3 Bg7 5. c3 d6 6. Bd3 Nf6 7. Qe2 O-O 8. h4
h5 9. Nf1 c5 10. dxc5 bxc5 11. Bg5 Nbd7 12. N1d2 Rb8 13. O-O Qc7 14. Rad1 Rfe8
15. Nc4 Ng4 16. Bf4 Rbd8 17. Rfe1 Bc6 18. Bc2 Nb6 19. Na5 Ba4 20. Bxa4 Nxa4 21.
Nc4 Nb6 22. Nfd2 Qc6 23. f3 Nf6 24. e5 dxe5 25. Nxe5 Qa4 26. Bg5 Qxa2 27. Nc6
Rd7 28. Bxf6 Bxf6 29. Ne4 Bxh4 30. g3 Qe6 31. Qb5 Rxd1 32. Rxd1 Rc8 33. Nxa7
Ra8 34. gxh4 Nc4 35. Qc6 Qxc6 36. Nxc6 Nxb2 37. Nxe7+ Kf8 38. Rd7 Nc4 39. Nc6
Ra6 40. Rc7 Ra3 41. Kf2 Ra2+ 42. Kg3 Ne3 43. Ne5 1-0

[Event "XXXVIII Torneo Internacional de Ajedrez"]
[Site "La Roda (Albacete) - ESPAÑA"]
[Date "2011.04.23"]
[Round "6.3"]
[White "Martinez Martin, David"]
[Black "Ibarra Jerez, Jose Carlos"]
[Result "1/2-1/2"]
[WhiteElo "2398"]
[BlackElo "2522"]
[PlyCount "123"]
[EventDate "2011.04.20"]

1. e4 c5 2. Nf3 b6 3. d4 cxd4 4. Nxd4 Bb7 5. Bd3 g6 6. f4 Bg7 7. Nf3 Na6 8. O-O
Nc5 9. Qe2 Nh6 10. Nc3 f5 11. e5 O-O 12. Bc4+ e6 13. Be3 Qe7 14. Rfd1 Nf7 15.
Nb5 Ne4 16. Qd3 Nc5 17. Qd2 Rfd8 18. Nd6 Ne4 19. Qd3 Nexd6 20. exd6 Qf8 21. c3
Rac8 22. Bb5 Be4 23. Qd2 Bd5 24. Ba6 Bxf3 25. gxf3 Rc6 26. a4 Rxd6 27. Qf2
Rxd1+ 28. Rxd1 d5 29. a5 bxa5 30. Ra1 d4 31. Bxd4 Bxd4 32. cxd4 Qd6 33. Bc4
Qxf4 34. Bxe6 Rxd4 35. Re1 Rd2 36. Bxf7+ Kg7 37. Qg3 Qxg3+ 38. hxg3 Kxf7 39.
Re5 Rxb2 40. Rxa5 Rb7 41. g4 fxg4 42. fxg4 Ke6 43. Kg2 Kd6 44. Kg3 Kc7 45. Kf4
Kb6 46. Ra1 a5 47. Kg5 Ka6 48. Kh6 Rb4 49. Rg1 a4 50. Kxh7 g5 51. Kg6 Rb5 52.
Ra1 Ra5 53. Ra2 a3 54. Kf6 Kb7 55. Kg6 Kc6 56. Kf6 Kd6 57. Kg6 Ke6 58. Kh6 Kf6
59. Rf2+ Ke6 60. Ra2 Kf6 61. Rf2+ Ke6 62. Ra2 1/2-1/2

[Event "XXXVIII Torneo Internacional de Ajedrez"]
[Site "La Roda (Albacete) - ESPAÑA"]
[Date "2011.04.23"]
[Round "6.4"]
[White "Hernandez Carmenates, Holden"]
[Black "Espinosa Aranda, Angel"]
[Result "1-0"]
[WhiteElo "2564"]
[BlackElo "2399"]
[PlyCount "63"]
[EventDate "2011.04.20"]

1. d4 Nf6 2. c4 c5 3. Nf3 e6 4. g3 cxd4 5. Nxd4 a6 6. Bg2 Qc7 7. b3 Bb4+ 8. Bd2
Bc5 9. Nc2 O-O 10. Bf4 Qb6 11. O-O Be7 12. Nc3 d6 13. Na4 Qc7 14. c5 e5 15.
cxd6 Bxd6 16. Bg5 Be7 17. Bxf6 Bxf6 18. Ne3 Be6 19. Rc1 Nc6 20. Nc5 Rad8 21.
Qe1 Bg5 22. Nxb7 Qxb7 23. Rxc6 Bxe3 24. Rxe6 Qb5 25. a4 Qxb3 26. Rxa6 Bc5 27.
Qb1 Qc4 28. Qb5 Qxb5 29. axb5 Rb8 30. Rb1 Rfd8 31. e3 Rb6 32. Rc1 1-0